Weltseeverkehr <Die> Rezession wirft lange Schatten

Enregistré dans:
Détails bibliographiques
Auteur principal: Böhme, Hans
Format: Livre
Langue:allemand
Publié: Kiel Institut für Weltwirtschaft 1994
Édition:1. Aufl.
Collection:Kieler Diskussionsbeiträge 230
Sujets:
Tags: Ajouter un tag
Pas de tags, Soyez le premier à ajouter un tag!

MARC

LEADER 00000nam a2200000 4500
001 c005387
005 20250512095307.8
020 |a 3-89456-070-3 
041 0 |a ger 
044 |a DE 
245 1 0 |a Weltseeverkehr  |b <Die> Rezession wirft lange Schatten  |c Hans Böhme 
250 |a 1. Aufl. 
264 1 |a Kiel  |b Institut für Weltwirtschaft  |c 1994 
300 |a 49 s. 
490 1 |a Kieler Diskussionsbeiträge  |v 230 
830 0 |a Kieler Diskussionsbeiträge  |v 230 
610 2 0 |a doprava námorná 
610 2 0 |a lode 
610 2 0 |a loďstvo 
610 2 0 |a preprava 
610 2 0 |a tonáž 
610 2 0 |a trh svetový 
610 2 0 |a ropa 
610 2 0 |a poistenie dopravné 
610 2 0 |a prognózy 
610 2 0 |a bezpečnosť 
610 2 0 |a recesia 
610 2 0 |a právo 
100 1 |a Böhme, Hans